000 00400cam a2200181 4500
001 D12711
008 090401t xxu||||| |||| 00| 0 eng d
035 _a(Sirsi) u5234
041 _aeng
100 _aFaraday, Philip Michael
245 _aFaraday on rating
250 _a4th
260 _aLondon
_bEstates Gazette
_cnd
350 _a0
520 _aShelf 115
942 _n0
948 _c04/03/1997
999 _c86144
_d86144